000 00284nam a22001217a 4500
008 180521b xxu||||| |||| 00| 0 eng d
041 _aeng
080 _a043.3
100 _a0
101 _aSHKI-BTH
245 _aSecure Virtualization in Cloud Computing
_cIbishi,S
942 _2udc
_cBK
999 _c46097
_d46097